Catálogo público

El origen de las especies por medio de la selección natural (Record no. 70755)

MARC details
000 -CABECERA
campo de control de longitud fija 01241cam a22003497a 4500
003 - IDENTIFICADOR DEL NÚMERO DE CONTROL
campo de control CHAP
005 - FECHA Y HORA DE LA ÚLTIMA TRANSACCIÓN
campo de control 20220329141609.0
008 - DATOS DE LONGITUD FIJA--INFORMACIÓN GENERAL
campo de control de longitud fija 971013s1959 r 00010 d
010 ## - NÚMERO DE CONTROL DE LA BIBLIOTECA DEL CONGRESO
Número de control de LC 70755
011 ## - ENLACE DEL NUMERO DE CONTROL DE LA BIBLIOTECA DEL CONGRESO [OBSOLETO]
Número de control de LC 71727
035 ## - NÚMERO DE CONTROL DEL SISTEMA
Número de control de sistema 81281
040 ## - FUENTE DE LA CATALOGACIÓN
Centro/agencia transcriptor CHAP
082 ## - NÚMERO DE LA CLASIFICACIÓN DECIMAL DEWEY
Número de clasificación 575
Número de documento/Ítem D39Y 1959
100 00 - ENTRADA PRINCIPAL--NOMBRE DE PERSONA
Nombre de persona Darwin, Charles.
9 (RLIN) 31103
245 13 - MENCIÓN DE TÍTULO
Título El origen de las especies por medio de la selección natural
260 ## - PUBLICACIÓN, DISTRIBUCIÓN, ETC.
Lugar de publicación, distribución, etc. México, D.F. :
Nombre del editor, distribuidor, etc. UNAM,
Fecha de publicación, distribución, etc. 1959
300 ## - DESCRIPCIÓN FÍSICA
Extensión 2 v.
590 ## - NOTA LOCAL (RLIN)
Nota local BATCH-UPD
Procedencia (VM) [OBSOLETO] 10
Condición del los carretes individuales (VM) [OBSOLETO] 20130110
-- UCH01
-- 0140
590 ## - NOTA LOCAL (RLIN)
Nota local BATCH-UPD
Procedencia (VM) [OBSOLETO] 10
Condición del los carretes individuales (VM) [OBSOLETO] 20130110
-- UCH01
-- 1831
590 ## - NOTA LOCAL (RLIN)
Nota local BATCH-UPD
Procedencia (VM) [OBSOLETO] 10
Condición del los carretes individuales (VM) [OBSOLETO] 20130410
-- UCH01
-- 1204
590 ## - NOTA LOCAL (RLIN)
Nota local BATCH-UPD
Procedencia (VM) [OBSOLETO] 10
Condición del los carretes individuales (VM) [OBSOLETO] 20130914
-- UCH01
-- 1138
590 ## - NOTA LOCAL (RLIN)
Nota local CONVERSION
Procedencia (VM) [OBSOLETO] 10
Condición del los carretes individuales (VM) [OBSOLETO] 20130109
-- UCH01
-- 1339
650 14 - PUNTO DE ACCESO ADICIONAL DE MATERIA--TÉRMINO DE MATERIA
Término de materia o nombre geográfico como elemento de entrada Especies
Subdivisión general Origen de las.
9 (RLIN) 37791
650 14 - PUNTO DE ACCESO ADICIONAL DE MATERIA--TÉRMINO DE MATERIA
Término de materia o nombre geográfico como elemento de entrada Evolución.
9 (RLIN) 39007
650 14 - PUNTO DE ACCESO ADICIONAL DE MATERIA--TÉRMINO DE MATERIA
Término de materia o nombre geográfico como elemento de entrada Selección natural.
9 (RLIN) 103780
901 ## - ELEMENTOS DE DATOS A LOCAL LDA (RLIN)
a BK
942 ## - ELEMENTOS DE PUNTO DE ACCESO ADICIONAL (KOHA)
Tipo de ítem Koha Libro
949 ## - PROCESAMIENTO DE INFORMACIÓN LOCAL (OCLC)
a 575 D39Y 1959
b BC
c LIBRO
d 33724000452181
e LIBRO
f v.2 c.2
i 81281
s i
t 48.00
949 ## - PROCESAMIENTO DE INFORMACIÓN LOCAL (OCLC)
a 575 D39Y 1959
b BC
c LIBRO
d 33724000476552
e LIBRO
f v.1 c.2
i 81281
s i
t 48.00
949 ## - PROCESAMIENTO DE INFORMACIÓN LOCAL (OCLC)
a 575 D39Y 1959
b BC
c LIBRO
d 33724000476560
e LIBRO
f v.2
i 81281
s i
t 48.00
949 ## - PROCESAMIENTO DE INFORMACIÓN LOCAL (OCLC)
a 575 D39Y 1959
b BC
c LIBRO
d 33724000476578
e LIBRO
f v.1
i 81281
s i
t 48.00
Holdings
Estado de retiro Estado de pérdida Fuente del sistema de clasificación o colocación Estado dañado Restricciones de uso No para préstamo Código de colección Localización permanente Ubicación/localización actual Ubicación en estantería Fecha de adquisición Información codificada de la localización en otra ubicación Total de préstamos Signatura topográfica completa Código de barras Fecha visto por última vez Número de copia Precio válido a partir de Tipo de ítem Koha Fecha del último préstamo
    Dewey Decimal Classification   Préstamo 15 días   General Biblioteca Central Biblioteca Central Planta alta - Colección General 17/12/2012 LIBRO   575 D39Y 1959 33724000452181 31/12/2019 v.2 c.2 31/12/2019 Libro  
    Dewey Decimal Classification   Préstamo 15 días   General Biblioteca Central Biblioteca Central Planta alta - Colección General 17/12/2012 LIBRO   575 D39Y 1959 33724000476552 31/12/2019 v.1 c.2 31/12/2019 Libro  
    Dewey Decimal Classification   Préstamo 15 días   General Biblioteca Central Biblioteca Central Planta alta - Colección General 17/12/2012 LIBRO   575 D39Y 1959 33724000476560 31/12/2019 v.2 31/12/2019 Libro  
    Dewey Decimal Classification   Préstamo 15 días   General Biblioteca Central Biblioteca Central Planta alta - Colección General 17/12/2012 LIBRO 2 575 D39Y 1959 33724000476578 12/07/2023 v.1 31/12/2019 Libro 30/06/2023